000 01812cam a22005894i 4500
003 PE-LiUPU
005 20250731170414.0
008 150623s1997 mau rb 000 0 eng d
020 _a0201409291
020 _a9780201409291
035 _a(Sirsi) i9780201409291
040 _aPE-LiUPU
_bspa
_cPE-LiUPU
_dPE-LiUPU
_erda
049 _aPRUA
082 0 4 _a158.4
_bB38
_221
100 1 _aBennis, Warren,
_eautor.
245 1 0 _aOn becoming a leader /
_cWarren Bennis.
264 1 _aReading, Masschusetts :
_bAddison-Wesley publishing company,
_c1997.
300 _a226 páginas ;
_c21 centímetros
336 _atext
_2rdacontent
337 _aunmediated
_2rdamedia
338 _avolume
_2rdacarrier
504 _aIncluye bibliografía.
505 0 _aMastering the context -- Understanding the basics -- Knowing yourself -- Operating on instinct -- Deploying yourself.
526 _aSEG68
526 _aSEG70
526 _aSEG69
526 _aSEG67
526 _aSEG43
526 _aP144
526 _aP143
526 _aP131
526 _aP122
526 _aP120
526 _aP117
526 _aP112
526 _aP110
526 _aP106
526 _aP101
526 _aP80
526 _aP59
526 _aP54
526 _aP35
526 _aP33
526 _aP30
650 0 4 _aLiderazgo.
942 _2ddc
_cBOOK
949 _a158.4 B38
_wDEWEY
_c1
_i43772
_lCCODEBUL1
_mBUL
_r0
_sY
_tBOOK
_u2015-6-24
_xTEOLOGIA
_PP35
_0COMPRA
_o.STAFF. Colección Ciencias de la Salud
994 _aC0
_bPEPRU
596 _a1
999 _a158.4 B38
_wDEWEY
_c20174
_i43772
_f2021-11-3
_g5
_lCCODEBUL1
_mBUL
_p20.00
_r0
_sY
_tBOOK
_u2015-6-24
_xSALUD
_zP35
_0COMPRA
_o.STAFF. Colección Ciencias de la Salud
_d20174
980 _81
_gALBERTO SANCHEZ Responsable de Automatización